000 00800nam a2200241 a 4500
008
020 _a9211043603 (pbk.)
049 _aMAIN
090 _aHF5616.ACC
245 0 0 _aAccountancy development in Africa :
_bchallenge of the 1990s /
_cUnited Nations Centre on Transnational Corporations.
260 0 _aNew York :
_bUnited Nations,
_c1991.
300 _avi, 200 p. ;
_c28 cm.
650 0 _aAccounting
_zAfrica.
650 0 _aAccounting
_xStandards
_zAfrica.
650 0 _aAccountants
_zAfrica.
650 0 _aAccountants
_xTraining of
_zAfrica.
710 2 0 _aCentre on Transnational Corporations (United Nations).
907 _a.b1011127x
_b20-06-06
_c16-02-04
003
005 20230123133628.0
040 _cNUST
942 _cBOOKS
_kHF5616.ACC
999 _c151904
_d151904